|
|
|
|
| LEADER |
00000nam a2200000 a 4500 |
| 001 |
vtls001332848 |
| 003 |
SK-MaSNL |
| 005 |
20260301160253.0 |
| 008 |
251113s1901 HU a b 0 hun |
| 020 |
|
|
|c 35,00
|
| 035 |
|
|
|a SNK000285758
|
| 040 |
|
|
|a SNK
|b slo
|c SNK
|e AACR2
|
| 044 |
|
|
|a HU
|
| 080 |
|
|
|a 929 Beňovský, M.
|2 1981
|
| 100 |
1 |
|
|a Gaal, József,
|d 1811-1866
|4 aut
|9 235334
|
| 245 |
1 |
|
|a Gróf Benyovszky Móricz élete és viszontagságai
|c Gaal József
|
| 250 |
|
|
|a 4. kiad.
|
| 260 |
|
|
|a Budapest
|b Franklin
|c 1900
|e Budapest
|f Franklin
|
| 300 |
|
|
|a 127 s.
|c 18 cm
|
| 490 |
1 |
|
|a F.M.K.E. népkönyvtára
|
| 600 |
1 |
|
|a Beňovský, Móric,
|d 1746-1786
|2 SNK
|9 93692
|
| 830 |
|
0 |
|a F.M.K.E. népkönyvtára
|9 289526
|
| 999 |
|
|
|c 804739
|d 806669
|
| 952 |
|
|
|a SNK
|b SNK
|y VYP
|7 0
|p 17A0138862
|o snkID 96262/príl. 1.
|i snkK 264/98
|8 3
|0 0
|1 0
|4 0
|d 1998-06-02
|l 0
|r 2005-01-02 00:00:00
|w 2026-02-24
|